South Park Charaktere - Statistiken

Allgemein
  • Dieses Quiz wurde 74 mal gespielt
  • Das Durchschnittsergebnis liegt bei 17 aus 44
Antwortstatistiken
Bildquiz Antwort % Korrekt
Eric Cartman
98%
Kyle Broflovski
98%
Kenny McCormick
97%
Stan Marsh
97%
Butters Stotch
94%
Randy Marsh
79%
Timmy Burch
79%
Jerome McElroy
76%
Jimmy Valmer
67%
Ike Broflovski
62%
Phillip Niles Argyle
59%
Wendy Testaburger
59%
Clyde Donovan
49%
Tweek Tweak
48%
Herbert Garrison
46%
Mr. Mackey
40%
Craig Tucker
38%
Officer Barbrady
38%
Scott Tenorman
38%
PC Principal
37%
Kyle Schwartz
35%
Tolkien Black
35%
Bebe Stevens
33%
Shelley Marsh
33%
Jimbo Kern
29%
Sheila Broflovski
27%
Terrance Henry Stoot
27%
Gerald Broflovski
25%
Scott Malkinson
24%
Heidi Turner
22%
Ned Gerblanski
21%
Sharon Marsh
21%
Red McArthur
19%
Linda Stotch
16%
Diane Choksondik
13%
Principal Victoria
13%
Liane Cartman
10%
Stephen Stotch
10%
Annie Knitts
6%
Mayor McDaniels
6%
Nichole Daniels
6%
Harrison Yates
5%
Tuong Lu Kim
5%
Sally Darson
3%
Keine übereinstimmenden Quizze gefunden
Verteilung der Resultate
Anzahl Personen mit jedem Resultat
Perzentil nach korrekt beantworteten Fragen
Ihre Resultats-Entwicklung
Sie haben dieses Quiz noch nicht gespielt